02276nab a2200253uuc4500001000800000005001700008008004100025035001200066040001300078041000800091100003700099245006000136520139500196650005301591650002801644650003901672650003901711650004201750650003101792700004301823773012701866942001001993999001902003156890820240202135307.0220322e20180601 eng  a1568908 ccomduadb aeng10aManjhi, Ganesh4auteaut981814710aPolitical transfer cycles from the centre to the states3 aRESUMEN: Usando el método agrupamiento de medias (PMG), este documento intenta estimar los ciclos de las transferencias en las elecciones parlamentarias y de asambleas en India desde 1980-81 hasta 2010-11. Encontramos que dichos ciclos son más pronunciados en el año anterior a las elecciones parlamentarias y en el año de las elecciones de asambleas en el caso de los préstamos desde el centro. Adicionalmente, a partir de un modelo Logit, se pudo establecer que las manipulaciones oportunistas de las subvenciones del centro en el año anterior a las elecciones parlamentarias y los niveles de préstamos del centro en el año de las elecciones de la asamblea pueden ayudar a mantener el poder de quien actualmente lo detenta. Se encuentra que la inflación es electoralmente perjudicial para los gobernantes, ya que aumenta la probabilidad de perder las elecciones a nivel nacional, pero no necesariamente a nivel de los estados. Del mismo modo, es más probable que un gobierno de derecha gane las elecciones, mientras que, si el centro y los estados tienen el mismo gobierno o si el gobierno del estado es un aliado, la posibilidad de retener el poder para el gobierno nacional se reduce, y aumenta en el caso de los gobiernos a nivel estatal. Asimismo, un gobierno de coalición, en general, reduce la posibilidad de ganar en las elecciones parlamentarias y estatales. aMétodo de agrupamiento de medias (PMG)9236230 aCiclos politicos978358 aTransferencias políticas9232562 aTransferencias de recursos9106278 aIndia - Aspectos económicos9183732 aElecciones - India921551210aMehra, Meeta Keswani4auteaut98181480 tEnsayos Sobre Política Económica (Bogotá)gVolumen 36, Número 86, Junio de 2018, 207-241w280112x0120-4483096314 cARIMP c845702d845702